000 00835nam a2200217Ii 4500
003 JO-AjNU
008 230605s9999||||xx |||||||||||||| ||und||
017 _a2008/9/3430
040 _aJO-AjNU
_bara
_erda
_cJO-AjNU
041 _aara
050 1 4 _aHF5415 .1265.A44.2009
100 3 _aالعلاق،بشير,
_eauthor
_928175
245 0 0 _aاساسيات وتطبيقات الترويج الالكتروني والتقليدي:مدخل متكامل
250 _aط العربية
264 3 1 _aعمان:دار اليازوري العلمية للنشر والتوزيع؛2009
300 _a550ص
_bيحتوي على ببلوغرافية من ص523-550ص
336 _atext
_btxt
_2rdacontent
337 _aunmediated
_bn
_2rdamedia
338 _avolume
_bnc
_2rdacarrier
650 4 _aالتسويق عبر الانترنت
_928176
999 _aA10895
_c14463
_d14463